اردو اسالیب نثر : تاریخ و تجزىه : گیارویں صدى سے بىیوں صدى تك / Urdū asālīb-i nas̲r : tārīk̲h̲ va tajziyah : giyārvīn̲ ṣadī se bīsvin̲ ṣadī tak / (Record no. 86022)
[ view plain ]
| 000 -LEADER | |
|---|---|
| fixed length control field | 00879nam a2200193 4500 |
| 001 - CONTROL NUMBER | |
| control field | 86022 |
| 003 - CONTROL NUMBER IDENTIFIER | |
| rucl marc code | BD-RjUL |
| 005 - DATE AND TIME OF LATEST TRANSACTION | |
| control field | 20251202153909.0 |
| 008 - FIXED-LENGTH DATA ELEMENTS--GENERAL INFORMATION | |
| fixed length control field | 251202s1977 ii ||||| |||| 00| 0 urd d |
| 035 ## - SYSTEM CONTROL NUMBER | |
| System control number | (BD-RjUL)86022 |
| 040 ## - CATALOGING SOURCE | |
| Original cataloging agency | BD-RjUL |
| Language of cataloging | eng |
| Transcribing agency | BD-RjUL |
| 041 ## - LANGUAGE CODE | |
| Language code of text/sound track or separate title | urd |
| 082 ## - DEWEY DECIMAL CLASSIFICATION NUMBER | |
| Edition number | 23 |
| Classification number | 891.43909 |
| Author mark and year | KHU 1977 |
| 100 10 - MAIN ENTRY--PERSONAL NAME | |
| Personal name | شاهین، امیىر اللّٰه خاں ;; Shaheen, Ameerullah Khan |
| 9 (RLIN) | 17451 |
| 245 10 - TITLE STATEMENT | |
| Title | اردو اسالیب نثر : تاریخ و تجزىه : گیارویں صدى سے بىیوں صدى تك / Urdū asālīb-i nas̲r : tārīk̲h̲ va tajziyah : giyārvīn̲ ṣadī se bīsvin̲ ṣadī tak / |
| Statement of responsibility, etc. | ڈاكٹر امیىر اللّٰه خاں شاهین Amīrullāh Shāhīn (Author) / Ḍākṭar Amīrullāh K̲h̲ān̲ Shāhīn. |
| 300 ## - PHYSICAL DESCRIPTION | |
| Pagination | 391 p. ; |
| Size | 21 cm |
| 650 ## - SUBJECT ADDED ENTRY--TOPICAL TERM | |
| Topical term or geographic name as entry element | Urdu prose literature |
| Form subdivision | History and criticism |
| 942 ## - ADDED ENTRY ELEMENTS (KOHA) | |
| Source of classification or shelving scheme | Dewey Decimal Classification |
| Koha item type | Books |
| Lost status | Source of classification or shelving scheme | Damaged status | Not for loan | Collection code | Permanent Location | Current Location | Shelving location | Date acquired | Source of acquisition | Total Checkouts | Full call number | Date last seen | Copy number | Koha item type |
|---|---|---|---|---|---|---|---|---|---|---|---|---|---|---|
| Dewey Decimal Classification | Not For Loan | Non-fiction | Central Library, University of Rajshahi | Central Library, University of Rajshahi | Reading Room | 25/03/1980 | India International | U 891.43909 KHU 1977 | 02/12/2025 | C-1 | Books |